[Event "Heusenstamm Sparkassen op U14 7th"]
[Site "Heusenstamm"]
[Date "2021.11.21"]
[Round "6.6"]
[White "Zargaran, Sepas"]
[Black "Snover, Tom"]
[Result "0-1"]
[WhiteElo "1038"]
[BlackElo "1491"]
[PlyCount "138"]
[EventDate "2021.11.19"]
[EventType "swiss"]
[EventRounds "7"]
[EventCountry "GER"]
[SourceTitle "EXT 2023"]
[Source "ChessBase"]
[SourceDate "2022.10.05"]
[SourceVersion "1"]
[SourceVersionDate "2022.10.05"]
[SourceQuality "1"]

1. e4 e5 2. Nf3 Nc6 3. Nc3 Nf6 4. d4 exd4 5. Nxd4 Bb4 6. Nxc6 bxc6 7. Bd3 d6 8. 0-0 Be6 9. Bg5 h6 10. Bd2 Bc5 11. Ba6 Rb8 12. Na4 Bb6 13. Bc3 0-0 14. e5 Nd5 15. exd6 cxd6 16. Nxb6 Rxb6 17. Qd4 Nxc3 18. Bd3 Nd5 19. f4 Nf6 20. h3 Qb8 21. g4 Rxb2 22. g5 hxg5 23. fxg5 Nd7 24. Qh4 g6 25. Qh6 Qb6+ 26. Rf2 Rb1+ 27. Rxb1 Qxb1+ 28. Rf1 Qb2 29. Bxg6 Qd4+ 30. Rf2 Qg7 31. Bxf7+ Bxf7 32. Qxd6 Nb6 33. h4 Qg6 34. Qd4 Qe6 35. h5 Qe1+ 36. Kh2 Bd5 37. Rxf8+ Kxf8 38. Qh8+ Ke7 39. Qg7+ Kd6 40. Qf8+ Kd7 41. Qg7+ Qe7 42. Qxe7+ Kxe7 43. Kg3 Kf7 44. Kf4 Bxa2 45. g6+ Kg7 46. Kg5 Bg8 47. h6+ Kh8 48. Kf5 a5 49. Ke4 Nd5 50. c4 Nb4 51. Ke3 Bxc4 52. Kd2 Nd5 53. Kc1 Nf4 54. Kb1 Nxg6 55. Ka1 Kh7 56. Kb2 Kxh6 57. Ka1 Kg5 58. Kb2 Kf4 59. Ka1 a4 60. Kb1 a3 61. Ka1 a2 62. Kb2 Bd5 63. Ka1 Ne5 64. Kb2 Nd3+ 65. Ka1 Nb4 66. Kb2 c5 67. Ka1 c4 68. Kb2 c3+ 69. Ka1 Nc2# 0-1

[Event "Heusenstamm Sparkassen op U14 7th"]
[Site "Heusenstamm"]
[Date "2021.11.20"]
[Round "2.14"]
[White "Belin, Anton"]
[Black "Snover, Tom"]
[Result "0-1"]
[WhiteElo "911"]
[BlackElo "1491"]
[PlyCount "80"]
[EventDate "2021.11.19"]
[EventType "swiss"]
[EventRounds "7"]
[EventCountry "GER"]
[SourceTitle "EXT 2023"]
[Source "ChessBase"]
[SourceDate "2022.10.05"]
[SourceVersion "1"]
[SourceVersionDate "2022.10.05"]
[SourceQuality "1"]

1. e4 e5 2. Nf3 Nc6 3. Bc4 Bc5 4. c3 Nf6 5. d4 exd4 6. cxd4 Bb4+ 7. Bd2 Bxd2+ 8. Nbxd2 d6 9. 0-0 0-0 10. Re1 Re8 11. Ng5 Re7 12. Qb3 Qe8 13. Nxf7 Rxf7 14. Bxf7+ Qxf7 15. Qxf7+ Kxf7 16. Rac1 Ne8 17. d5 Ne5 18. Rc3 c6 19. dxc6 Nxc6 20. Rf3+ Ke7 21. h3 Be6 22. Nb3 Rc8 23. Rc1 Nd4 24. Rd3 Ne2+ 25. Kh2 Nxc1 26. Nxc1 Rxc1 27. Rd2 Nf6 28. f3 Bxa2 29. b4 Be6 30. Ra2 Bxa2 31. Kg3 Rb1 32. b5 Rxb5 33. h4 Nh5+ 34. Kh3 Rb2 35. g4 Be6 36. f4 Nxf4+ 37. Kg3 a5 38. Kxf4 a4 39. Kg5 Rg2 40. h5 Rxg4# 0-1

[Event "Heusenstamm Sparkassen op U14 7th"]
[Site "Heusenstamm"]
[Date "2021.11.20"]
[Round "3.6"]
[White "Snover, Tom"]
[Black "Dorfner, Jeremias"]
[Result "1-0"]
[WhiteElo "1491"]
[BlackElo "1198"]
[PlyCount "73"]
[EventDate "2021.11.19"]
[EventType "swiss"]
[EventRounds "7"]
[EventCountry "GER"]
[SourceTitle "EXT 2023"]
[Source "ChessBase"]
[SourceDate "2022.10.05"]
[SourceVersion "1"]
[SourceVersionDate "2022.10.05"]
[SourceQuality "1"]

1. e4 e5 2. Nf3 Nc6 3. Bb5 a6 4. Ba4 Nf6 5. d3 h6 6. Bxc6 dxc6 7. Nxe5 Bd6 8. Nf3 Bc5 9. Nbd2 0-0 10. 0-0 Be6 11. Re1 Ng4 12. Re2 Qe7 13. h3 Nf6 14. Nf1 Rad8 15. Ng3 Rfe8 16. Bf4 Bb6 17. Be3 Bxe3 18. fxe3 Bc4 19. Nd4 Be6 20. Rf2 c5 21. Ndf5 Qd7 22. Nxh6+ Kh7 23. Nhf5 Bxf5 24. Nxf5 Nxe4 25. Rf1 Nf6 26. Qf3 Qd5 27. Qg3 g6 28. Nh4 Qc6 29. Qf4 Rd6 30. e4 Ree6 31. e5 Rd4 32. Qg5 Ne8 33. Rxf7+ Ng7 34. Nf5 Kg8 35. Rxg7+ Kf8 36. Nxd4 cxd4 37. Qh6 1-0